[Event "España ch sub-14 2009"]
[Site "Granada ESP"]
[Date "2009.07.07"]
[Round "2.8"]
[White "Jimenez Almeida, Luis David"]
[Black "Ballester Llagaria, Luis Eduardo"]
[Result "1/2-1/2"]
[WhiteElo "1789"]
[BlackElo "2067"]
[PlyCount "72"]
[EventDate "2009.07.07"]
[EventType "swiss"]
[EventRounds "9"]
[EventCountry "ESP"]
[Source "lmi"]
[SourceDate "2009.07.07"]

1. c4 e6 2. g3 d5 3. Bg2 Nf6 4. d4 c5 5. cxd5 exd5 6. Nf3 Nc6 7. O-O Be7 8. Nc3
O-O 9. dxc5 Bxc5 10. Bg5 d4 11. Ne4 Be7 12. Bxf6 Bxf6 13. Nxf6+ Qxf6 14. Qd2
Bg4 15. Rfd1 Rad8 16. h3 Bh5 17. g4 Bg6 18. Qg5 Qe6 19. Qb5 Rfe8 20. Rd2 Re7
21. Rad1 Red7 22. Qa4 Qf6 23. b4 a6 24. b5 axb5 25. Qxb5 Be4 26. Qg5 Qxg5 27.
Nxg5 Bxg2 28. Kxg2 Rd5 29. f4 Na5 30. Rc2 b5 31. Rc7 Nc4 32. Rd3 Rf8 33. Nf3
Rfd8 34. Ng5 R5d7 35. Rxd7 Rxd7 36. Nf3 Ne3+ 1/2-1/2

[Event "España ch sub-14 2009"]
[Site "Granada ESP"]
[Date "2009.07.07"]
[Round "2.9"]
[White "Quintin Navarro, Alberto"]
[Black "Nicolas Zapata, Irene"]
[Result "1-0"]
[WhiteElo "2064"]
[BlackElo "1794"]
[PlyCount "79"]
[EventDate "2009.07.07"]
[EventType "swiss"]
[EventRounds "9"]
[EventCountry "ESP"]
[Source "lmi"]
[SourceDate "2009.07.07"]

1. Nf3 c5 2. c4 Nf6 3. g3 g6 4. b3 Bg7 5. Bb2 O-O 6. Bg2 Nc6 7. O-O d6 8. d4
cxd4 9. Nxd4 Bd7 10. e3 Nxd4 11. exd4 d5 12. c5 Bf5 13. Nc3 Rc8 14. b4 b6 15.
Re1 a5 16. a3 h6 17. Qb3 e6 18. Rad1 Nd7 19. Rd2 bxc5 20. dxc5 Rb8 21. Na4 Bxb2
22. Rxb2 Qc7 23. Bf1 g5 24. Qc3 Rfc8 25. Ba6 Rd8 26. b5 d4 27. Qxd4 Nf8 28. Qe5
Qxe5 29. Rxe5 Bh3 30. Re1 Ng6 31. Rbb1 Rd4 32. c6 Nh4 33. c7 Rf8 34. c8=Q Nf3+
35. Kh1 Rxc8 36. Bxc8 Rd2 37. Rf1 Rc2 38. Bb7 Nd2 39. Bg2 Nxb1 40. Rxb1 1-0

[Event "España ch sub-14 2009"]
[Site "Granada ESP"]
[Date "2009.07.07"]
[Round "2.10"]
[White "Ordonez Torres, Maria Del Carmen"]
[Black "Montoliu Cervero, Francisco"]
[Result "0-1"]
[WhiteElo "1780"]
[BlackElo "2063"]
[PlyCount "76"]
[EventDate "2009.07.07"]
[EventType "swiss"]
[EventRounds "9"]
[EventCountry "ESP"]
[Source "lmi"]
[SourceDate "2009.07.07"]

1. e4 c5 2. Nf3 d6 3. d4 cxd4 4. Nxd4 Nf6 5. Nc3 g6 6. Be3 Bg7 7. f3 Nc6 8. Qd2
O-O 9. Bc4 Bd7 10. O-O-O Rc8 11. Bb3 Ne5 12. h4 h5 13. Bg5 Rc5 14. g4 hxg4 15.
f4 Nc4 16. Qe2 Qc7 17. Bxf6 Bxf6 18. Nd5 Rxd5 19. exd5 b5 20. h5 g5 21. fxg5
Bxg5+ 22. Kb1 a6 23. c3 Ne5 24. Bc2 f5 25. Rdf1 Qc8 26. h6 Rf6 27. Rh5 Bxh6 28.
Bxf5 Qe8 29. Rfh1 Bxf5+ 30. Nxf5 Bg7 31. Nxg7 Qg6+ 32. Nf5 Rxf5 33. Rh8+ Kg7
34. Qc2 Nf7 35. R8h7+ Kg8 36. Kc1 Qxh7 37. Qg2 Qg6 38. Rh4 Qg5+ 0-1

[Event "España ch sub-14 2009"]
[Site "Granada ESP"]
[Date "2009.07.07"]
[Round "2.11"]
[White "Aranaz Murillo, Amalia"]
[Black "Garcia De Lomas Guerrero, Carlos"]
[Result "1-0"]
[WhiteElo "2061"]
[BlackElo "1793"]
[PlyCount "127"]
[EventDate "2009.07.07"]
[EventType "swiss"]
[EventRounds "9"]
[EventCountry "ESP"]
[Source "lmi"]
[SourceDate "2009.07.07"]

1. Nf3 Nf6 2. c4 c6 3. d4 d5 4. Qb3 dxc4 5. Qxc4 Be6 6. Qc2 Na6 7. a3 c5 8. e3
cxd4 9. Nxd4 Bd7 10. Nc3 Nc7 11. Bd3 e6 12. O-O Bd6 13. Ne4 Nxe4 14. Bxe4 Rb8
15. Rd1 Be5 16. Nf3 Bf6 17. Bd2 h6 18. Ba5 b6 19. Bb4 Nd5 20. Bxd5 exd5 21.
Rxd5 Qc8 22. Qe4+ Be6 23. Rdd1 Bxb2 24. Rab1 Bf6 25. Bd6 Qb7 26. Qb4 Rd8 27.
Rbc1 Be7 28. Bxe7 Qxe7 29. Qa4+ Kf8 30. Rxd8+ Qxd8 31. Qxa7 g6 32. h3 Qe7 33.
Qxb6 Qxa3 34. Rc7 Qa1+ 35. Kh2 Qf6 36. Rc8+ Kg7 37. Rxh8 Kxh8 38. Qd4 Kg7 39.
Kg3 Bc8 40. h4 Be6 41. Nd2 Bf5 42. f3 Bc2 43. Ne4 Qxd4 44. exd4 Bb3 45. Kf4 f6
46. Nc3 Kf7 47. d5 Ke7 48. Ke4 Bc4 49. g3 Bb3 50. Kd4 Bc2 51. Kc5 g5 52. Kc6
Kd8 53. Kd6 Bf5 54. Nd1 Bd7 55. Ne3 h5 56. Nc2 g4 57. f4 Ke8 58. Nd4 Bc8 59.
Kc7 Bd7 60. d6 f5 61. Nc6 Be6 62. Ne5 Kf8 63. d7 Bxd7 64. Kxd7 1-0

[Event "España ch sub-14 2009"]
[Site "Granada ESP"]
[Date "2009.07.07"]
[Round "2.12"]
[White "Simon Escalona, Jorge"]
[Black "Gutierrez Valero, Mario"]
[Result "1-0"]
[WhiteElo "1772"]
[BlackElo "2024"]
[PlyCount "86"]
[EventDate "2009.07.07"]
[EventType "swiss"]
[EventRounds "9"]
[EventCountry "ESP"]
[Source "lmi"]
[SourceDate "2009.07.07"]

1. e4 c5 2. Nf3 Nc6 3. d4 cxd4 4. Nxd4 Nf6 5. Nc3 e5 6. Ndb5 d6 7. Bg5 a6 8.
Na3 b5 9. Nd5 Be7 10. Bxf6 Bxf6 11. c4 b4 12. Nc2 Rb8 13. b3 O-O 14. g3 Bg5 15.
h4 Bh6 16. Bh3 Be6 17. Kf1 Qd7 18. g4 Bf4 19. Kg2 Qd8 20. Nxf4 exf4 21. g5 Ne5
22. Nd4 Qd7 23. Bxe6 fxe6 24. Nf3 Nxf3 25. Qxf3 Qc6 26. Rad1 Rbd8 27. Rd3 Qc5
28. Rhd1 a5 29. Qe2 Qe5 30. f3 Rd7 31. Qf2 Rfd8 32. Qb6 h6 33. c5 d5 34. c6 Rc7
35. exd5 exd5 36. Qxb4 axb4 37. Rxd5 hxg5 38. Kg1 Qe3+ 39. Kg2 Qe2+ 40. Kg1
Qxd1+ 41. Rxd1 Rxd1+ 42. Kg2 Rc8 43. hxg5 Rd6 1-0

[Event "España ch sub-14 2009"]
[Site "Granada ESP"]
[Date "2009.07.07"]
[Round "2.13"]
[White "Navarro Lopez-Menchero, Daniel"]
[Black "Perez Cabas, Jose"]
[Result "1-0"]
[WhiteElo "2024"]
[BlackElo "1779"]
[PlyCount "69"]
[EventDate "2009.07.07"]
[EventType "swiss"]
[EventRounds "9"]
[EventCountry "ESP"]
[Source "lmi"]
[SourceDate "2009.07.07"]

1. e4 c5 2. Nf3 Nc6 3. d4 cxd4 4. Nxd4 Nf6 5. Nc3 e5 6. Ndb5 d6 7. Bg5 a6 8.
Na3 b5 9. Nd5 Be7 10. Bxf6 Bxf6 11. c4 b4 12. Nc2 a5 13. Qf3 Be7 14. Rd1 O-O
15. c5 Be6 16. Be2 Bxd5 17. exd5 Nb8 18. c6 Na6 19. Bxa6 Rxa6 20. O-O Qb6 21.
Ne3 g6 22. Nc4 Qc7 23. Qe2 Raa8 24. a3 f5 25. axb4 axb4 26. Ra1 Bf6 27. Qd2
Rab8 28. Ra4 b3 29. Rfa1 Rf7 30. Qa5 Qxa5 31. Rxa5 e4 32. Ra8 Rxa8 33. Rxa8+
Kg7 34. Nxd6 Re7 35. c7 1-0

[Event "España ch sub-14 2009"]
[Site "Granada ESP"]
[Date "2009.07.07"]
[Round "2.14"]
[White "Tejedor Fuentes, Enrique"]
[Black "Rodriguez Garcia, Carlos"]
[Result "1-0"]
[WhiteElo "2004"]
[BlackElo "1769"]
[PlyCount "96"]
[EventDate "2009.07.07"]
[EventType "swiss"]
[EventRounds "9"]
[EventCountry "ESP"]
[Source "lmi"]
[SourceDate "2009.07.07"]

1. e4 e6 2. d4 d5 3. Nc3 Nf6 4. Bg5 Bb4 5. e5 h6 6. Bd2 Nfd7 7. Qg4 Bxc3 8.
bxc3 Kf8 9. h4 f6 10. Rh3 Nc6 11. f4 f5 12. Qf3 h5 13. Qf2 Nb6 14. Nf3 Na5 15.
Rg3 Rh6 16. Bd3 Nac4 17. Rg5 g6 18. Ke2 Nb2 19. Rb1 Nxd3 20. cxd3 Qe8 21. Qe1
Qa4 22. Rb2 Qc6 23. Qc1 a5 24. Rc2 Qd7 25. Qb2 Qd8 26. Bc1 c6 27. Qb1 Nd7 28.
Ba3+ Kf7 29. Rg3 b5 30. Ng5+ Kg8 31. Bd6 Nb6 32. Kf2 Bd7 33. Nf3 Nc8 34. Bc5
Nb6 35. Qc1 Na4 36. Qa3 Nxc5 37. Qxc5 Qf8 38. Qb6 Qb8 39. Qc5 Qf8 40. Rh3 Qxc5
41. dxc5 Kg7 42. Rh1 Rhh8 43. Rb1 Rhb8 44. Rcb2 Rb7 45. Nd4 Rab8 46. Ke3 Kf7
47. a4 b4 48. Nc2 Bc8 1-0

[Event "España ch sub-14 2009"]
[Site "Granada ESP"]
[Date "2009.07.07"]
[Round "2.15"]
[White "Nortes Hernandez, Pedro"]
[Black "Rodriguez Ferraz, Borja"]
[Result "0-1"]
[WhiteElo "1758"]
[BlackElo "1996"]
[PlyCount "68"]
[EventDate "2009.07.07"]
[EventType "swiss"]
[EventRounds "9"]
[EventCountry "ESP"]
[Source "lmi"]
[SourceDate "2009.07.07"]

1. e4 e5 2. Nf3 Nc6 3. Bb5 a6 4. Bxc6 dxc6 5. O-O Bg4 6. h3 h5 7. d3 Qf6 8. Be3
Bxf3 9. Qxf3 Qxf3 10. gxf3 Bd6 11. Nd2 Ne7 12. Nc4 Ng6 13. d4 f6 14. Rad1 O-O-O
15. c3 Nh4 16. f4 exf4 17. Nxd6+ cxd6 18. Bxf4 g5 19. Bg3 Nf3+ 20. Kg2 g4 21.
hxg4 hxg4 22. Rh1 Kc7 23. c4 Rxh1 24. Kxh1 Re8 25. c5 Rxe4 26. Bxd6+ Kd7 27.
Kg2 Rxd4 28. Rh1 Ke6 29. a3 Kf5 30. b4 Rd3 31. Rh7 Rxa3 32. Rxb7 Ra1 33. Bh2
Nh4+ 34. Kg3 Ra3+ 0-1

[Event "España ch sub-14 2009"]
[Site "Granada ESP"]
[Date "2009.07.07"]
[Round "2.16"]
[White "Cerrato Torrijos, Maria"]
[Black "Valhondo Morales, Ruben"]
[Result "1/2-1/2"]
[WhiteElo "1992"]
[BlackElo "1761"]
[PlyCount "52"]
[EventDate "2009.07.07"]
[EventType "swiss"]
[EventRounds "9"]
[EventCountry "ESP"]
[Source "lmi"]
[SourceDate "2009.07.07"]

1. e4 c5 2. Nc3 d6 3. Nge2 a6 4. d4 cxd4 5. Nxd4 Nf6 6. Be2 e5 7. Nb3 Be7 8.
O-O O-O 9. Be3 b6 10. Bf3 Bb7 11. Qd2 b5 12. a3 Nbd7 13. Rfd1 Rc8 14. Rac1 Qc7
15. Qe1 Rfd8 16. Nd2 Nb6 17. Bxb6 Qxb6 18. Nf1 a5 19. Ne3 b4 20. axb4 axb4 21.
Ncd5 Nxd5 22. Nxd5 Bxd5 23. Rxd5 Bg5 24. Rcd1 Rxc2 25. b3 Rxf2 26. Rxe5 dxe5
1/2-1/2

[Event "España ch sub-14 2009"]
[Site "Granada ESP"]
[Date "2009.07.08"]
[Round "3.1"]
[White "Pardo Simon, David"]
[Black "Donado-Mazarron Gomez, Miguel"]
[Result "1-0"]
[WhiteElo "2321"]
[BlackElo "1883"]
[PlyCount "139"]
[EventDate "2009.07.07"]
[EventType "swiss"]
[EventRounds "9"]
[EventCountry "ESP"]
[Source "lmi"]
[SourceDate "2009.07.07"]

1. c4 Nf6 2. Nc3 e5 3. Nf3 Nc6 4. e3 d6 5. d4 exd4 6. Nxd4 Ne5 7. Be2 Be7 8. e4
O-O 9. O-O c5 10. Nc2 b6 11. Ne3 Bb7 12. f3 Ne8 13. Ned5 Bf6 14. Nxf6+ Nxf6 15.
Bg5 h6 16. Bh4 Ng6 17. Bg3 Ne5 18. Nb5 Ne8 19. Nxd6 Nxd6 20. Bxe5 Nc8 21. Qe1
Qe7 22. Qg3 f6 23. Bf4 Kh8 24. Rad1 Qe6 25. h4 Ne7 26. Rd6 Qc8 27. Rfd1 Bc6 28.
Bd3 Be8 29. e5 Nf5 30. Bxf5 Qxf5 31. R1d5 Qg6 32. Qxg6 Bxg6 33. exf6 Rxf6 34.
Rxf6 gxf6 35. Rd6 h5 36. Rxf6 Kh7 37. a3 Rd8 38. Rc6 Rd4 39. Rc7+ Kg8 40. Be5
Rd1+ 41. Kh2 Bd3 42. Rxa7 Bxc4 43. Rb7 b5 44. Rg7+ Kf8 45. Rg5 Bf7 46. Bg7+ Ke7
47. Rxc5 Rd5 48. Rxd5 Bxd5 49. Kg3 Kf7 50. Bc3 Kg6 51. Kf4 Bc4 52. Ke3 Kf5 53.
Ba5 Ke5 54. Bc7+ Kf5 55. Kd4 Bf1 56. Kc5 Ke6 57. g4 hxg4 58. fxg4 Be2 59. h5
Kf6 60. h6 Kg6 61. g5 Bd3 62. Bf4 Kf7 63. Bd2 Kg6 64. b3 Kf7 65. a4 bxa4 66.
bxa4 Ke7 67. a5 Kd7 68. a6 Kc7 69. Bf4+ Kc8 70. Bg3 1-0

[Event "España ch sub-14 2009"]
[Site "Granada ESP"]
[Date "2009.07.08"]
[Round "3.2"]
[White "Villasenor Rubio, Emilio Jose"]
[Black "Sanchez Ibern, Marc"]
[Result "1-0"]
[WhiteElo "1937"]
[BlackElo "2289"]
[PlyCount "139"]
[EventDate "2009.07.07"]
[EventType "swiss"]
[EventRounds "9"]
[EventCountry "ESP"]
[Source "lmi"]
[SourceDate "2009.07.07"]

1. e4 c5 2. Nf3 d6 3. d4 Nf6 4. Nc3 cxd4 5. Nxd4 Nc6 6. Nb3 e6 7. f4 Be7 8. Bd3
a6 9. Qf3 Qc7 10. O-O b5 11. Bd2 Bb7 12. Rae1 Nd7 13. Qg3 Bf6 14. f5 Nde5 15.
fxe6 fxe6 16. Bg5 Bxg5 17. Qxg5 Qe7 18. Qh5+ g6 19. Qh3 Rf8 20. Ne2 Bc8 21.
Nbd4 Bd7 22. Nxc6 Bxc6 23. Nd4 Bd7 24. c3 h5 25. Bc2 Rc8 26. Bb3 Ng4 27. Qd3
Rf6 28. Qg3 Rf7 29. Bc2 Ne5 30. Bb3 Kf8 31. a3 Rxf1+ 32. Rxf1+ Kg7 33. Qf4 Nd3
34. Qd2 Nc5 35. Bc2 e5 36. Nf3 Bc6 37. Ng5 Rf8 38. Rd1 Rf6 39. b4 Ne6 40. Nxe6+
Qxe6 41. Qe3 Rf7 42. h3 Bb7 43. Bb1 Rd7 44. Qd2 Qc4 45. Bd3 Qc6 46. Bc2 Qc7 47.
Qe3 Qc4 48. Bb1 Qf7 49. Rf1 Qe7 50. Ba2 d5 51. exd5 Bxd5 52. Bxd5 Rxd5 53. Re1
Qc7 54. Qe4 Qxc3 55. Qxd5 Qxe1+ 56. Kh2 Qe3 57. Qd7+ Kh6 58. Qe8 Qf4+ 59. Kh1
Qf1+ 60. Kh2 Qf6 61. g4 hxg4 62. hxg4 Qh4+ 63. Kg2 Qxg4+ 64. Kh2 Qf4+ 65. Kg2
Qd2+ 66. Kg1 Qd4+ 67. Kg2 e4 68. Qf8+ Kh5 69. Qc5+ Qxc5 70. bxc5 1-0

[Event "España ch sub-14 2009"]
[Site "Granada ESP"]
[Date "2009.07.08"]
[Round "3.3"]
[White "Moreno Ibanez, Miguel"]
[Black "Anton Guijarro, David"]
[Result "0-1"]
[WhiteElo "1922"]
[BlackElo "2265"]
[PlyCount "66"]
[EventDate "2009.07.07"]
[EventType "swiss"]
[EventRounds "9"]
[EventCountry "ESP"]
[Source "lmi"]
[SourceDate "2009.07.07"]

1. e4 e6 2. d4 d5 3. Nc3 Nf6 4. e5 Nfd7 5. f4 c5 6. Nf3 Nc6 7. Be3 Be7 8. Qd2
O-O 9. O-O-O c4 10. f5 b5 11. Qf2 b4 12. Ne2 b3 13. axb3 cxb3 14. c3 Qa5 15.
Nd2 Qa1+ 16. Nb1 exf5 17. Nf4 Nb6 18. Bd3 a5 19. g4 a4 20. gxf5 a3 21. Rhg1
Bxf5 22. Bxf5 Nc4 23. Rd2 Nxd2 24. Qxd2 Na5 25. Nxd5 Nc4 26. Nxe7+ Kh8 27. Qe2
Nxe3 28. Qxe3 Qxb2+ 29. Kd1 a2 30. Rxg7 axb1=Q+ 31. Bxb1 Qxb1+ 32. Ke2 Ra2+ 33.
Kf3 Qf1+ 0-1

[Event "España ch sub-14 2009"]
[Site "Granada ESP"]
[Date "2009.07.08"]
[Round "3.4"]
[White "Bals Hernandez, Jordi"]
[Black "Alcaraz Ortega, Javier"]
[Result "0-1"]
[WhiteElo "1899"]
[BlackElo "2241"]
[PlyCount "76"]
[EventDate "2009.07.07"]
[EventType "swiss"]
[EventRounds "9"]
[EventCountry "ESP"]
[Source "lmi"]
[SourceDate "2009.07.07"]

1. d4 Nf6 2. Bg5 c6 3. c4 Ne4 4. Bf4 e5 5. dxe5 Qb6 6. Be3 Qxb2 7. Nd2 Bb4 8.
Ngf3 Nxd2 9. Nxd2 Qxe5 10. Rb1 Na6 11. g3 Bxd2+ 12. Bxd2 Qe4 13. f3 Qe7 14. Bf4
Qf6 15. Bd6 b6 16. Bh3 Nc5 17. Qd2 h5 18. O-O h4 19. g4 Ne6 20. Rbd1 Bb7 21.
Be5 Qxe5 22. Qxd7+ Kf8 23. Qxb7 Re8 24. Rfe1 Nf4 25. Bf1 h3 26. Rd7 Kg8 27.
Rxf7 Nd3 28. exd3 Qd4+ 29. Re3 Rxe3 30. Rxg7+ Qxg7 31. Qxc6 Re7 32. Qd5+ Qf7
33. Qg5+ Kf8 34. Kf2 Rg8 35. Qh6+ Qg7 36. Qf4+ Ke8 37. Qb8+ Kf7 38. Qf4+ Qf6
0-1

[Event "España ch sub-14 2009"]
[Site "Granada ESP"]
[Date "2009.07.08"]
[Round "3.5"]
[White "Cruz Lledo, Pablo"]
[Black "Garcia Del Campo, Efren"]
[Result "1-0"]
[WhiteElo "2190"]
[BlackElo "1849"]
[PlyCount "99"]
[EventDate "2009.07.07"]
[EventType "swiss"]
[EventRounds "9"]
[EventCountry "ESP"]
[Source "lmi"]
[SourceDate "2009.07.07"]

1. d4 Nf6 2. c4 e6 3. Nc3 d5 4. cxd5 exd5 5. Bg5 Be7 6. e3 c6 7. Bd3 Nbd7 8.
Nge2 O-O 9. Qc2 Re8 10. Ng3 Nf8 11. O-O Be6 12. Rab1 Rc8 13. b4 b5 14. Nce2 h6
15. Bxf6 Bxf6 16. a4 a6 17. a5 Qd6 18. Nc1 g6 19. Qd2 Kg7 20. Nb3 Nd7 21. Rfc1
h5 22. Ne2 Rh8 23. Nc5 Nxc5 24. Rxc5 h4 25. Nf4 Bd7 26. Be2 Qe7 27. Rbc1 Rhe8
28. Bf3 Qd6 29. h3 Be7 30. Nd3 Qe6 31. R5c2 Bd6 32. Nc5 Bxc5 33. Rxc5 Qf6 34.
Qd1 Qg5 35. Kh1 Qf6 36. R1c3 Rg8 37. Kh2 Rh8 38. Rc2 Qd6+ 39. Kg1 Qf6 40. Bg4
Bxg4 41. Qxg4 Rhe8 42. Rxd5 Re4 43. Qxc8 cxd5 44. Qc6 Qf5 45. Qc8 Qg5 46. Qxa6
Rxe3 47. fxe3 Qxe3+ 48. Rf2 Qe1+ 49. Rf1 Qe3+ 50. Kh1 1-0

[Event "España ch sub-14 2009"]
[Site "Granada ESP"]
[Date "2009.07.08"]
[Round "3.6"]
[White "Rojano Alfonso, Carlos"]
[Black "Tallo Dominguez, Imar"]
[Result "1/2-1/2"]
[WhiteElo "1894"]
[BlackElo "2124"]
[PlyCount "108"]
[EventDate "2009.07.07"]
[EventType "swiss"]
[EventRounds "9"]
[EventCountry "ESP"]
[Source "lmi"]
[SourceDate "2009.07.07"]

1. e4 c5 2. Nf3 Nf6 3. e5 Nd5 4. Nc3 Nxc3 5. bxc3 d5 6. exd6 Qxd6 7. d4 e6 8.
Be3 Qc7 9. Bd3 Be7 10. O-O Nd7 11. Re1 O-O 12. Bg5 Bxg5 13. Nxg5 Nf6 14. Re5
cxd4 15. cxd4 h6 16. Ne4 Nxe4 17. Rxe4 Qd8 18. Bc4 Qf6 19. c3 b6 20. Re3 Bb7
21. Be2 Rac8 22. Qd3 Rc7 23. Rc1 Rfc8 24. Qd2 Qg5 25. Bf1 Qa5 26. Rg3 Kh8 27.
Rh3 Be4 28. Be2 Bf5 29. Re3 Bg6 30. Bd1 b5 31. Bb3 Qb6 32. Rd1 a5 33. Qb2 Qa6
34. a3 Rb7 35. Qe2 Qb6 36. Rg3 Kh7 37. Bc2 Bxc2 38. Qxc2+ Kh8 39. Qe4 Qc7 40.
Qg4 Rg8 41. Rh3 Qe7 42. Qf4 Kh7 43. Re1 Qc7 44. Qe4+ Kh8 45. g4 Qc8 46. g5 e5
47. Ree3 exd4 48. Qxd4 Rd8 49. Rxh6+ Kg8 50. Rd6 Rxd6 51. Qxd6 Rd7 52. Qb6 Rd1+
53. Kg2 Qg4+ 54. Rg3 Qf4 1/2-1/2

[Event "España ch sub-14 2009"]
[Site "Granada ESP"]
[Date "2009.07.08"]
[Round "3.7"]
[White "Escudero Manzano, Alejandro"]
[Black "Quintin Navarro, Alberto"]
[Result "1-0"]
[WhiteElo "1870"]
[BlackElo "2064"]
[PlyCount "129"]
[EventDate "2009.07.07"]
[EventType "swiss"]
[EventRounds "9"]
[EventCountry "ESP"]
[Source "lmi"]
[SourceDate "2009.07.07"]

1. e4 c5 2. Nf3 d6 3. c3 Nf6 4. h3 Nc6 5. Bd3 d5 6. e5 Nd7 7. e6 fxe6 8. Ng5
Nf6 9. Bxh7 Nxh7 10. Qh5+ Kd7 11. Nxh7 Qc7 12. O-O Qe5 13. Nf6+ exf6 14. Qxh8
Bd6 15. Qxg7+ Ne7 16. g3 c4 17. b3 b5 18. bxc4 dxc4 19. d4 cxd3 20. Bf4 Qe2 21.
Bxd6 Kxd6 22. Qg4 Qxg4 23. hxg4 e5 24. Rd1 e4 25. Nd2 f5 26. gxf5 Bxf5 27. c4
bxc4 28. Nxc4+ Kd5 29. Ne3+ Ke6 30. Rac1 Bg6 31. Rc4 Rd8 32. Nf1 Nc8 33. Nd2
Nd6 34. Ra4 Rd7 35. Re1 Rc7 36. Nb3 Bh5 37. Ra5 Bg6 38. f3 Kf6 39. fxe4 Nxe4
40. Ra6+ Kf5 41. g4+ Kg5 42. Rxg6+ Kxg6 43. Rxe4 Rc1+ 44. Kf2 Rc2+ 45. Ke3 Rxa2
46. Kxd3 Ra3 47. Kc4 Ra2 48. Nd4 Kf6 49. Nf3 Ra5 50. Kd4 Ra3 51. Rf4+ Kg6 52.
Ke4 Ra4+ 53. Ke3 Ra3+ 54. Kf2 Rb3 55. Ra4 Rb7 56. Kg3 Kg7 57. g5 Rd7 58. Kg4
Rb7 59. Kh5 Rd7 60. Nh4 Kg8 61. Nf5 a5 62. Rxa5 Rd8 63. Ra7 Rb8 64. g6 Kh8 65.
Rh7+ 1-0

[Event "España ch sub-14 2009"]
[Site "Granada ESP"]
[Date "2009.07.08"]
[Round "3.8"]
[White "Montoliu Cervero, Francisco"]
[Black "Talavera Garcia, Santiago"]
[Result "1-0"]
[WhiteElo "2063"]
[BlackElo "1833"]
[PlyCount "73"]
[EventDate "2009.07.07"]
[EventType "swiss"]
[EventRounds "9"]
[EventCountry "ESP"]
[Source "lmi"]
[SourceDate "2009.07.07"]

1. e4 e6 2. d4 d5 3. e5 c5 4. c3 Qb6 5. a3 Bd7 6. Nf3 cxd4 7. cxd4 Bb5 8. Bd3
Bxd3 9. Qxd3 Nc6 10. O-O Nge7 11. b4 Nf5 12. Bb2 Be7 13. Rd1 h5 14. Nc3 g5 15.
Nxd5 exd5 16. Qxf5 g4 17. Ng5 Bxg5 18. Qxg5 Qd8 19. Qg7 Rf8 20. Re1 Qe7 21.
Rac1 a6 22. Rc5 O-O-O 23. a4 Kb8 24. b5 axb5 25. axb5 Na5 26. Ba3 Qe6 27. Rc3
Rg8 28. Bd6+ Ka8 29. Qh7 Rh8 30. Ra1 b6 31. Qc2 Rc8 32. Rc7 Qe8 33. Rxa5+ bxa5
34. b6 Rxc7 35. Qxc7 Qb8 36. Qc6+ Qb7 37. Qb5 1-0

[Event "España ch sub-14 2009"]
[Site "Granada ESP"]
[Date "2009.07.08"]
[Round "3.9"]
[White "Balague Camps, Marc"]
[Black "Aranaz Murillo, Amalia"]
[Result "0-1"]
[WhiteElo "1844"]
[BlackElo "2061"]
[PlyCount "80"]
[EventDate "2009.07.07"]
[EventType "swiss"]
[EventRounds "9"]
[EventCountry "ESP"]
[Source "lmi"]
[SourceDate "2009.07.07"]

1. c4 c6 2. Nf3 d5 3. e3 Nf6 4. Nc3 Bg4 5. cxd5 Bxf3 6. Qxf3 cxd5 7. d4 e6 8.
Bd3 Nc6 9. Qe2 Rc8 10. Bd2 Bd6 11. f4 a6 12. Rc1 Nd7 13. O-O f5 14. Rf3 Nf6 15.
Rg3 Rg8 16. Na4 h6 17. Nc5 Bxc5 18. dxc5 g5 19. Rf3 gxf4 20. Rxf4 Rc7 21. Bc3
Rcg7 22. g3 Rg6 23. b4 h5 24. a4 h4 25. Bxf6 Qxf6 26. b5 hxg3 27. h3 axb5 28.
axb5 Ne5 29. Kg2 Rh6 30. c6 b6 31. Ra4 Rhh8 32. Ra7 Qh6 33. Rh1 Rg7 34. Ra8+
Kf7 35. Rxh8 Qxh8 36. Qb2 Nxd3 37. Qa3 Ne5 38. Qa7+ Kg6 39. Qxb6 Qh5 40. Kxg3
Qf3+ 0-1

[Event "España ch sub-14 2009"]
[Site "Granada ESP"]
[Date "2009.07.08"]
[Round "3.10"]
[White "Blazquez Criado, Sergio"]
[Black "Navarro Lopez-Menchero, Daniel"]
[Result "0-1"]
[WhiteElo "1725"]
[BlackElo "2024"]
[PlyCount "48"]
[EventDate "2009.07.07"]
[EventType "swiss"]
[EventRounds "9"]
[EventCountry "ESP"]
[Source "lmi"]
[SourceDate "2009.07.07"]

1. e4 c5 2. d4 cxd4 3. c3 Nf6 4. e5 Nd5 5. Qxd4 e6 6. Nf3 Nc6 7. Qe4 Qc7 8. Bd3
d6 9. exd6 Bxd6 10. O-O Bd7 11. Nbd2 f5 12. Qh4 Nf4 13. Bc2 Be7 14. Ng5 O-O-O
15. Ndf3 Ne2+ 16. Kh1 h6 17. Qc4 hxg5 18. Qxe2 g4 19. Ne5 Qxe5 20. Qxe5 Nxe5
21. Re1 Ng6 22. Be3 Bd6 23. g3 Bc6+ 24. Kg1 Rxh2 0-1

[Event "España ch sub-14 2009"]
[Site "Granada ESP"]
[Date "2009.07.08"]
[Round "3.11"]
[White "Valencia De Loma, Sergio"]
[Black "Tejedor Fuentes, Enrique"]
[Result "0-1"]
[WhiteElo "1724"]
[BlackElo "2004"]
[PlyCount "50"]
[EventDate "2009.07.07"]
[EventType "swiss"]
[EventRounds "9"]
[EventCountry "ESP"]
[Source "lmi"]
[SourceDate "2009.07.07"]

1. e4 c5 2. d4 cxd4 3. c3 dxc3 4. Nxc3 Nc6 5. Nf3 e6 6. Bc4 d6 7. O-O Be7 8.
Qe2 a6 9. Be3 Bd7 10. Rfd1 Nf6 11. a3 O-O 12. b4 Rc8 13. Rac1 b5 14. Ba2 Qc7
15. Nd4 Qb7 16. Bb1 Ne5 17. Bd3 Nxd3 18. Qxd3 Ng4 19. Nb3 Ne5 20. Qe2 Nc4 21.
Na5 Nxa5 22. bxa5 Rc4 23. a4 Rfc8 24. Qb2 Bf6 25. Rd3 b4 0-1

[Event "España ch sub-14 2009"]
[Site "Granada ESP"]
[Date "2009.07.08"]
[Round "3.12"]
[White "Rodriguez Ferraz, Borja"]
[Black "Piriz Fernandez, Daniel"]
[Result "1/2-1/2"]
[WhiteElo "1996"]
[BlackElo "1793"]
[PlyCount "75"]
[EventDate "2009.07.07"]
[EventType "swiss"]
[EventRounds "9"]
[EventCountry "ESP"]
[Source "lmi"]
[SourceDate "2009.07.07"]

1. e4 e6 2. d4 d5 3. Nd2 Nf6 4. e5 Nfd7 5. Bd3 c5 6. c3 Nc6 7. Ne2 cxd4 8. cxd4
Qb6 9. Nf3 f6 10. exf6 Nxf6 11. O-O Bd6 12. b3 O-O 13. Bf4 Bxf4 14. Nxf4 Bd7
15. Re1 Rae8 16. Rc1 e5 17. dxe5 Ng4 18. Qd2 Qxf2+ 19. Qxf2 Nxf2 20. Kxf2 Rxf4
21. Kg1 Bg4 22. Bb5 Bxf3 23. Bxc6 bxc6 24. gxf3 Re6 25. Kf2 Kf7 26. Kg3 g5 27.
Rc5 Rf5 28. Ra5 Rfxe5 29. Rxa7+ Kg6 30. Rxe5 Rxe5 31. Ra6 Re6 32. b4 Kf5 33.
Ra7 h5 34. Rd7 Re2 35. a4 h4+ 36. Kh3 Ra2 37. a5 Ra4 38. Rb7 1/2-1/2

[Event "España ch sub-14 2009"]
[Site "Granada ESP"]
[Date "2009.07.08"]
[Round "3.14"]
[White "Calle Moreau, Sergio"]
[Black "Simon Escalona, Jorge"]
[Result "1-0"]
[WhiteElo "1953"]
[BlackElo "1772"]
[PlyCount "97"]
[EventDate "2009.07.07"]
[EventType "swiss"]
[EventRounds "9"]
[EventCountry "ESP"]
[Source "lmi"]
[SourceDate "2009.07.07"]

1. e4 e5 2. Nf3 Nc6 3. Bb5 a6 4. Ba4 Nf6 5. O-O Be7 6. Re1 b5 7. Bb3 d6 8. h3
O-O 9. c3 Bb7 10. d4 h6 11. Nbd2 Re8 12. Nf1 Bf8 13. Ng3 exd4 14. cxd4 Na5 15.
Bc2 c5 16. d5 g6 17. Bf4 Bg7 18. Rc1 Nc4 19. b3 Nb6 20. Qd2 Kh7 21. h4 Rc8 22.
h5 c4 23. Qb4 Rc5 24. Be3 Rc8 25. Bf4 Rc5 26. hxg6+ fxg6 27. Nd4 Nfxd5 28. exd5
Nxd5 29. Rxe8 Qxe8 30. Qd2 c3 31. Qe2 Qf7 32. Be3 Nxe3 33. fxe3 b4 34. Rf1 Qe7
35. Qd3 Rg5 36. Nde2 Qe5 37. e4 d5 38. Rf7 dxe4 39. Nxe4 Bxe4 40. Qxe4 Qxe4 41.
Bxe4 Rc5 42. Bc2 Kg8 43. Rd7 h5 44. Nf4 Ra5 45. Ne6 Bf8 46. Bxg6 Rxa2 47. Bh7+
Kh8 48. Nxf8 c2 49. Ng6# 1-0